Suosituimmat vieraat kielet koulussa - Statistics

Yleistilastot
  • Tätä visaa on pelattu 63 kertaa
  • Keskiarvotulos 22 / 27
Vastaustilastot
Kieli % Oikein
englanti
96%
englanti
96%
saksa
96%
saksa
96%
venäjä
96%
venäjä
96%
espanja
94%
espanja
94%
ranska
94%
ranska
94%
italia
92%
italia
92%
japani
89%
japani
89%
kiina
89%
kiina
89%
viro
89%
viro
89%
arabia
83%
norja
81%
ukraina
68%
korea
57%
saame
51%
saame
51%
latina
49%
latina
49%
heprea
38%
Ehtoja vastaavia visoja ei löytynyt
Tulosjakauma
Jokaisen tuloksen saaneiden osuus
Persentiili vastausten määrän mukaan
Tuloshistoriasi
Et ole pelannut tätä visaa